Multi Oscar Nominated Directors with No Wins - Statistics

General Stats
  • This quiz has been taken 344 times
  • The average score is 13 of 20
Answer Stats
# Nominated as Best Director for… Director % Correct
5 Rebecca, Lifeboat, Spellbound, Rear Window, Psycho Alfred {Hitchcock}
97%
3 Pulp Fiction, Inglourious Basterds, Once Upon a Time in Hollywood Quentin {Tarantino}
96%
3 Thelma & Louise, Gladiator, Black Hawk Down Ridley {Scott}
95%
4 Dr. Strangelove, 2001: A Space Odyssey, A Clockwork Orange, Barry Lyndon Stanley {Kubrick}
93%
3 Cries and Whispers, Face to Face, Fanny and Alexander Ingmar {Bergman}
77%
3 The Elephant Man, Blue Velvet, Mulholland Drive David {Lynch}
73%
3 There Will Be Blood, Phantom Thread, Licorice Pizza Paul Thomas {Anderson}
73%
3 The Curious Case of Benjamin Button, The Social Network, Mank David {Fincher}
72%
2 Henry V, Belfast Kenneth {Branagh}
71%
2 Good Will Hunting, Milk Gus van {Sant}
67%
4 La Dolce Vita, 8½, Satyricon, Amarcord Federico {Fellini}
65%
4 12 Angry Men, Dog Day Afternoon, Network, The Verdict Sidney {Lumet}
59%
2 The Thin Red Line, The Tree of Life Terence {Malick}
57%
3 The Fighter, Silver Linings Playbook, American Hustle David O. {Russell}
55%
5 M*A*S*H, Nashville, The Player, Short Cuts, Gosford Park Robert {Altman}
54%
4 Witness, Dead Poets Society, The Truman Show, Master and Commander Peter {Weir}
51%
2 The Big Short, Vice Adam {McKay}
41%
3 Sideways, The Descendants, Nebraska Alexander {Payne}
39%
2 Juno, Up In The Air Jason {Reitman}
35%
3 In The Heat of the Night, Fiddler on the Roof, Moonstruck Norman {Jewison}
30%
No matching quizzes found
Score Distribution
Percent of People with Each Score
Percentile by Number Answered
Your Score History
You have not taken this quiz